书目信息 |
| 题名: |
大学英语精读教案 第四册
|
|
| 作者: | 夏纪梅 主编 | |
| 分册: | ||
| 出版信息: | 上海 上海外语教育出版社 1999.02 |
|
| 页数: | 243页 | |
| 开本: | 32开 | |
| 丛书名: | ||
| 单 册: | ||
| 中图分类: | H319.4 | |
| 科图分类: | ||
| 主题词: | 英语 | |
| 电子资源: | ||
| ISBN: | 7-81046-475-2 | |
| 000 | 00545nam0 2200181 45 | |
| 001 | 0009302019 | |
| 005 | 20041202103927.92 | |
| 010 | @a7-81046-475-2@dCNY 10.50 | |
| 100 | @a20000930d1999 km y0chiy0120 ea | |
| 101 | 0 | @achi |
| 200 | 1 | @a大学英语精读教案 第四册@ADa Xue Ying Yu Jing Du Jiao An Di Si Ce@f夏纪梅主编@FXia Ji Mei Zhu Bian |
| 210 | @a上海@c上海外语教育出版社@d1999.02 | |
| 215 | @a243页@d32开 | |
| 606 | 0 | @a英语 |
| 690 | @aH319.4@v3 | |
| 701 | 0 | @a夏纪梅@4主编 |
| 801 | @aCN@bPftUser@c20041202 | |
| 905 | @b165188-192@dH319.4@eX503:4@f5 | |
| 大学英语精读教案 第四册/夏纪梅主编.-上海:上海外语教育出版社,1999.02 |
| 243页;32开 |
| ISBN 7-81046-475-2:CNY 10.50 |
| ● |
| 相关链接 |
|
|
|
正题名:大学英语精读教案 第四册
索取号:H319.4/X503:4
 
预约/预借
| 序号 | 登录号 | 条形码 | 馆藏地/架位号 | 状态 | 备注 |
| 1 | 165188 | 201651881 | 语言库209/209语言库 49排7列5层/ [索取号:H319.4/X503:4] | 在馆 | |
| 2 | 165189 | 201651890 | 语言库209/209语言库 49排7列5层/ [索取号:H319.4/X503:4] | 在馆 | |
| 3 | 165190 | 201651907 | 语言库209/209语言库 49排7列5层/ [索取号:H319.4/X503:4] | 在馆 | |
| 4 | 165191 | 201651916 | 语言库209/209语言库 49排7列5层/ [索取号:H319.4/X503:4] | 在馆 | |
| 5 | 165192 | 201651925 | 语言库209/209语言库 49排7列5层/ [索取号:H319.4/X503:4] | 在馆 | |
| 6 | 429508 | 204295084 | 语言库209/209语言库 49排7列5层/ [索取号:H319.4/X503:4] | 在馆 | |
| 7 | 429509 | 204295093 | 语言库209/209语言库 49排7列5层/ [索取号:H319.4/X503:4] | 在馆 | |
| 8 | 429510 | 204295100 | 语言库209/209语言库 49排7列5层/ [索取号:H319.4/X503:4] | 在馆 |